000
00285cam a22001097a 4500
008
180718b1959 xxu||||| |||| 00| 0 eng d
082
_a
A99 Sco84
100
_a
Scott, Harold
245
_a
Your obedient servant
_c
by Harold Scott
260
_a
London
_b
Andre Deutsch
_c
1959
300
_a
192p
999
_c
416038
_d
416038